Länder Asiens nach Bevölkerungsdichte (absteigende Reihenfolge) - Statistiken

Allgemein
  • Dieses Quiz wurde 13 mal gespielt
  • Das Durchschnittsergebnis liegt bei 20 aus 49
Antwortstatistiken
Hint Antwort % Korrekt
7890 EW/km² Singapur
100%
1880 EW/km² Bahrain
67%
1190 EW/km² Bangladesch
67%
7,05 EW/km² Kasachstan
67%
529 EW/km² Libanon
67%
2,17 EW/km² Mongolei
67%
150 EW/km² China
56%
431 EW/km² Indien
56%
145 EW/km² Indonesien
56%
330 EW/km² Japan
56%
232 EW/km² Katar
56%
230 EW/km² Kuwait
56%
99,1 EW/km² Malaysia
56%
8,44 EW/km² Russland
56%
517 EW/km² Südkorea
56%
645 EW/km² Taiwan
56%
300 EW/km² Vietnam
56%
69,4 EW/km² Brunei
44%
424 EW/km² Israel
44%
2010 EW/km² Malediven
44%
210 EW/km² Nepal
44%
14,9 EW/km² Oman
44%
387 EW/km² Philippinen
44%
341 EW/km² Sri Lanka
44%
13,1 EW/km² Turkmenistan
44%
101 EW/km² Armenien
33%
118 EW/km² Aserbaidschan
33%
53,1 EW/km² Georgien
33%
102 EW/km² Irak
33%
53,8 EW/km² Iran
33%
125 EW/km² Jordanien
33%
217 EW/km² Nordkorea
33%
296 EW/km² Pakistan
33%
17,1 EW/km² Saudi-Arabien
33%
130 EW/km² Thailand
33%
20,8 EW/km² Bhutan
22%
63,8 EW/km² Jemen
22%
34 EW/km² Kirgistan
22%
80,1 EW/km² Myanmar
22%
87,4 EW/km² Osttimor
22%
109 EW/km² Türkei
22%
112 EW/km² Vereinigte Arabische Emirate
22%
63 EW/km² Afghanistan
11%
92,8 EW/km² Kambodscha
11%
31,7 EW/km² Laos
11%
119 EW/km² Syrien
11%
69,9 EW/km² Tadschikistan
11%
79,6 EW/km² Usbekistan
11%
103 EW/km² Ägypten
0%
Keine übereinstimmenden Quizze gefunden
Verteilung der Resultate
Anzahl Personen mit jedem Resultat
Perzentil nach korrekt beantworteten Fragen
Ihre Resultats-Entwicklung
Sie haben dieses Quiz noch nicht gespielt